000 00603nam a2200229Ia 4500
003 OSt
005 20220923214738.0
006 a|||||r|||| 00| 0
007 ta
008 220922b |||||||| |||| 00| 0 hin d
024 _a172,276
037 _cTextual
040 _aARTS
_cARTS
_bhin
041 _2hin
_ahin
082 _aO152:3N331:4, L3
100 _aशानी
245 0 _aएक लड़की की डायरी
246 _aEk laड़kī kī ḍāyarī
260 _c1973
942 _hO152:3N331:4, L3
_cTEXL
_2CC
999 _c326340
_d326340